01463nam a2200349 a 4500001001000000003000500010005001700015008004100032010001100073011001100084040000900095090001000104100005100114245013700165260004100302500006000343502007000403590004100473590004000514590004000554650003000594650004300624650004900667650004200716856007000758901000700828942001000835942000600845999001900851952011900870952012400989000109119CHAP20220329144038.0140403s2013 mx sm |||||||spa d a105581 a106553 cCHAP aTesis1 aPérez Gutiérrez, Manuel de Jesús912624910aProductores forestales y la superficie que cubren en el estado de Campecheh[En línea]cpor Manuel de Jesús Pérez Gutiérrez. aChapingo, Méx. :bEl autor,c2013. aPara ver el contenido del material haga clic en la liga aTesis (Ing. Forestal ) -- UACH. División de Ciencias Forestales aBATCH-UPDb05c20141002lUCH01h0859 aE6096MTMb05c20140403lUCH01h1449 aE6096MTMb05c20140403lUCH01h145114aEjidos forestales.93604214aProductos forestalesxCampeche.99206614aProductos forestalesxEstadísticas.99207914aRecursos forestalesxCampeche.995037 aFinding aiduhttp://10.13.5.2/tesis/sist109119.pdfzTeclea aquí aBK cTESIS n0 c105581d105581 00102local40718TESISaBCbBCd2014-04-03fTESISl0oTesisp33724002394743r2019-12-31 00:00:00w2014-04-03yCD 00102local40718TESISaBCbBCd2014-04-03fTESISl0oTesisp33724002394785r2019-12-31 00:00:00tc.2w2014-04-03yCD